The National interests of the United States in foreign policy /

保存先:
書誌詳細
第一著者: Gifford, Prosser
団体著者: Woodrow Wilson International Center for Scholars
その他の著者: ed.
フォーマット: テキスト
出版事項: Washington, D.C.: University Press of America
タグ: タグ追加
タグなし, このレコードへの初めてのタグを付けませんか!

MARC

LEADER 00000 a a2200000 04500
001 24073
003
040
090 |a 171203  
100 |a Gifford, Prosser  
110 |a Woodrow Wilson International Center for Scholars  
245 |a The National interests of the United States in foreign policy /  |c Prosser Gifford 
260 |a Washington, D.C.:   |b University Press of America  
300 |a 189 p.  
700 |a ed.  
999 |c 5092  |d 5092